000 00708nam a2200241Ia 4500
003 OSt
005 20220925214953.0
006 a|||||r|||| 00| 0
007 ta
008 220923b |||||||| |||| 00| 0 eng d
020 _a0566004194
037 _cGeneral Book
040 _aRTL
_cRTL
_beng
041 _2eng
_aeng
082 _aX 9 (D6, 8);89K.3.N7, M1
100 _aOakey R P
_9280839
245 0 _aHigh technology industry and industrial location
260 _aLondon
_bGower UK
_c1981
300 _aviii, 134p. Bibliography P 130-34
_ccm.
650 _aMechanical
_9239020
942 _hX 9 (D6, 8);89K.3.N7, M1
_cGB
_2CC
999 _c567387
_d567387